Oudste bierbrouwerijen (NL) - Statistieken

Algemene statistieken
  • Deze quiz is 30 keer genomen
  • De gemiddelde score is 4 van 9
Antwoorden op de kaart
Antwoorden kleurgecodeerd door een groen-rode schaal op de quizkaart volgens % correct hieronder.
 
Antwoordstatistieken
Jaar Brouwerij Locatie % Correct
1864 Heineken Zoeterwoude
92%
1615 Grolsch Enschede
83%
1680 Royal Swinkels (Bavaria) Lieshout
67%
1872 Alfa Thull
33%
1885 De Koningshoeven (La Trappe) Berkel-Enschot
33%
1825 Gulpener Gulpen
33%
1757 Dommelsch Dommelen
29%
1870 Lindeboom Neer
8%
1870 Budels Budel
4%
Geen overeenkomende quizzen gevonden
Scoreverdeling
Procent van Mensen met Elke Score
Percentiel versus Aantal Correcte Antwoorden
Uw Scoregeschiedenis
U heeft deze quiz nog niet genomen